Statistics for Capital Cities closest to the Seven Summits (any of the 9 peaks)

Click here to take the quiz!

General Stats

  • This quiz has been taken 59 times
  • The average score is 25 of 40

Answer Stats

Capital City% Correct
Kathmandu
96%
Kilimanjaro
96%
Santiago
90%
Kosciuszko
90%
Blanc
90%
Bern
90%
Paris
84%
Blanc
84%
Blanc
80%
Aconcagua
80%
Rome
80%
Nairobi
80%
Vaduz
70%
Elbrus
70%
Canberra
66%
Everest
66%
Monaco
64%
Blanc
64%
Kilimanjaro
62%
Thimphu
62%
Blanc
60%
San Marino
60%
Everest
58%
Tbilisi
58%
Elbrus
54%
Dodoma
54%
Blanc
52%
Yerevan
52%
Blanc
48%
Vatican City
48%
Ljubljana
48%
Blanc
46%
Luxembourg
46%
Dhaka
42%
Blanc
42%
Brussels
40%
Blanc
40%
Andorra la Vella
34%
Everest
34%

Score Distribution

Percentile by Number Answered

Percent of People with Each Score

Your Score History

You have not taken this quiz